000 00578nam a2200181 4500
001 108512
003 ES-MaACL
005 20230906184644.0
007 t|
008 061121s1972 sp r ||||1| spa d
100 1 _aMonier, Prósper.
_982211
245 1 0 _aMigajas espitituales /
_cPrósper Monier; prefacio de Leon Arthur Elchinger; traducción del francés por Eloy Requena.
260 _aMadrid :
_bStudium,
_c1972.
300 _a232 p. ;
_c16 cm.
700 1 _aElchinger, Leon Arthur.
_946910
700 1 _aRequena, Eloy.
_996289
852 _aES-MaACL
_jC-53607
_bR.84082
999 _c108512
_d108512